00281nam a2200097Ia 4500008004100000082001200041100003400053245008100087260000600168300000900174190415s9999 xx 000 0 und d aRI.002; aIndia. National Commission on 0aTeachers in higher education : Recruitment :Base and procedures/ Amrik Singh c0 av.p.